logo

Bir Sreshtho Munshi Abdur Rouf Library
Jhenaidah Cadet College

Analysis, synthesis, and design of chemical processes / (Record no. 12077)

MARC details
000 -LEADER
fixed length control field 00817nam a2200265 a 4500
001 - CONTROL NUMBER
control field 12077
003 - CONTROL NUMBER IDENTIFIER
control field BD-JhCC
005 - DATE AND TIME OF LATEST TRANSACTION
control field 20210316124148.0
008 - FIXED-LENGTH DATA ELEMENTS--GENERAL INFORMATION
fixed length control field 210313s20122015njua b 001 0 eng
010 ## - LIBRARY OF CONGRESS CONTROL NUMBER
LC control number 2012014446
020 ## - INTERNATIONAL STANDARD BOOK NUMBER
International Standard Book Number 9789332550346
035 ## - SYSTEM CONTROL NUMBER
System control number (BD-JhCC)12077
040 ## - CATALOGING SOURCE
Original cataloging agency DLC
Transcribing agency DLC
Modifying agency DDC
-- BD-JhCC
042 ## - AUTHENTICATION CODE
Authentication code pcc
050 00 - LIBRARY OF CONGRESS CALL NUMBER
Classification number TP155.7
Item number .A53 2012
082 00 - DEWEY DECIMAL CLASSIFICATION NUMBER
Classification number 660.2812
Edition number 23
Item number ANA 2015
245 00 - TITLE STATEMENT
Title Analysis, synthesis, and design of chemical processes /
Statement of responsibility, etc. Richard Turton ... [et al.].
250 ## - EDITION STATEMENT
Edition statement 4th ed.
260 ## - PUBLICATION, DISTRIBUTION, ETC.
Place of publication, distribution, etc. Upper Saddle River, NJ :
Name of publisher, distributor, etc. Prentice Hall,
Date of publication, distribution, etc. 2015.
300 ## - PHYSICAL DESCRIPTION
Extent xxxv, 1068 p. :
Other physical details ill. ;
Dimensions 27 cm. +
Accompanying material 1 CD-ROM (4 3/4 in.)
504 ## - BIBLIOGRAPHY, ETC. NOTE
Bibliography, etc. note Includes bibliographical references and index.
650 #0 - SUBJECT ADDED ENTRY--TOPICAL TERM
Topical term or geographic name entry element Chemical processes.
700 1# - ADDED ENTRY--PERSONAL NAME
Personal name Turton, Richard.
942 ## - ADDED ENTRY ELEMENTS (KOHA)
Source of classification or shelving scheme Dewey Decimal Classification
Koha item type Books
Holdings
Withdrawn status Lost status Source of classification or shelving scheme Damaged status Not for loan Home library Current library Shelving location Date acquired Cost, normal purchase price Total Checkouts Full call number Barcode Date last seen Copy number Price effective from Koha item type
    Dewey Decimal Classification     JCC Rouf Library JCC Rouf Library General Stacks 03/14/2021 1528.00   660.2812 ANA 2015 16482 03/14/2021 C-1 03/14/2021 Books

JCC Library | Contacts | JCC Home

Last Update on 23 September 2017
Copyright @ 2017-2020 JCC Rouf Library
Rouf Library, Jhenidah Cadet College (JCC), Bangladesh